LIBRARY & INFORMATION CENTRE, KCAET, TAVANUR

ONLINE PUBLIC ACCESS CATALOGUE (OPAC)

Buniyadi shikshalay sangadhan thadha vibinn vishayom ka shikshan / (Record no. 12149)

MARC details
000 -LEADER
fixed length control field 00507cam a2200193ua 4500
041 ## - LANGUAGE CODE
Language code of text/sound track or separate title hin
082 ## - DEWEY DECIMAL CLASSIFICATION NUMBER
Classification number 891.54
Item number MAL/BU
100 ## - MAIN ENTRY--AUTHOR NAME
Personal name Malaya, K C .
245 ## - TITLE STATEMENT
Title Buniyadi shikshalay sangadhan thadha vibinn vishayom ka shikshan /
250 ## - EDITION STATEMENT
Edition statement 1 /
260 ## - PUBLICATION, DISTRIBUTION, ETC. (IMPRINT)
Place of publication Delhi :
Name of publisher Rajkamal Prakashan ,
Year of publication 1959.
300 ## - PHYSICAL DESCRIPTION
Number of Pages 473 ; .
700 1# - ADDED ENTRY--PERSONAL NAME
Personal name Vidyavadi, Malaiya .
942 ## - ADDED ENTRY ELEMENTS (KOHA)
Koha item type Books
Holdings
Withdrawn status Lost status Damaged status Home library Current library Date acquired Full call number Accession Number Koha item type
Withdrawn     KAUAET Sanskrit University 07/04/2012 891.54 2153 Books
free website counter